Quizzes
Events
Quiz Creation
Community
Videos
Private Events
Remove Ads
Sign In
Join for FREE
Feedback
Dark Mode
Quiz Categories
Sports
Geography
Music
Movies
Television
Just For Fun
Miscellaneous
History
Literature
Language
Science
Gaming
Entertainment
Religion
Holiday
For Kids
Quiz Lab
Recent
Popular Today
Quiz Kudos Today
Editor Picks
Curator Picks
Quizzes by...
Day
Popularity
Type
Ratings
Length
Year
Community
Subscriptions
Recent Discussions
Orange Saloon
Badges
Playlists
Quests
Create
Leaderboards
Showdown
Live 5
Trivia Bingo
Activity
Puzzle Library
Sporcle Events
Private Events
Virtual Trivia
Globe League
Become a Host
Pub Owners
SporcleCon
Opinionation
Our Games
Videos
Blog
Mobile Apps
Partnerships
Remove Ads and Go Orange
Feedback
Geography
Country
Landmarks
City
State
Population
World
Capital
Continent
Flags
Europe
Africa
Asia
South America
North America
Oceania
Border
Canada
United Kingdom
Topography
United States
Geography
Country
Landmarks
City
State
Population
World
Capital
Continent
Flags
Europe
Africa
Asia
South America
North America
Oceania
Border
Canada
United Kingdom
Topography
United States
Random Quiz
Search Sporcle
×
Quiz Lab
Quiz Lab
Geography
Border
Type in answers that appear in a list
Type in answers that appear in a list
Classic
Best Score? Go Orange.
Countries by random patterns Stats
Can you name the Countries by random patterns?
By
JamesGR
10m
42 Questions
78 Plays
78 Plays
78 Plays
Comments
Comments
Give Quiz Kudos
Give Quiz Kudos
-
- Ratings
hide this ad
Replay
Link that replays current quiz
Next Quiz
Link to next quiz in quiz playlist
You Got
0%
They Got
Avg Score
48%
Avg Friend Score
Upgrade to see
Score Distribution
Jump to the score distribution portion of the page
Score
0/42
Timer
10:00
0
Plays Today
% Correct
Iceland
83.3%
United Arab Emirates
80.8%
Iraq
78.2%
Oman
78.2%
Ireland
76.9%
Yemen
75.6%
Kuwait
71.8%
Jordan
70.5%
Qatar
70.5%
Gambia
69.2%
Swaziland
67.9%
Netherlands
66.7%
Finland
64.1%
Poland
62.8%
Switzerland
60.3%
Vanuatu
60.3%
Nauru
57.7%
Tuvalu
57.7%
Thailand
55.1%
New Zealand
55.1%
Palau
52.6%
% Correct
Marshall Islands
50%
Solomon Islands
47.4%
Honduras
46.2%
Saint Vincent and the Grenadines
41%
Grenada
39.7%
Guinea-Bissau
38.5%
Peru
38.5%
Bahamas
34.6%
Antigua and Barbuda
34.6%
Cuba
33.3%
Tonga
28.2%
Federated States of Micronesia
28.2%
Seychelles
25.6%
Andorra
24.4%
Kiribati
23.1%
Malawi
17.9%
Benin
17.9%
Liberia
16.7%
North Korea
15.4%
Bulgaria
14.1%
Eritrea
11.5%
Quiz Playlist
Details
Report
Send in Message
Add To Playlist
Classic:
Type in answers that appear in a list
Last Updated: Feb 16, 2017
Quiz Scoreboard
CHALLENGE
Sign Up to Join the Scoreboard
Show All
Scores
Hide
Comments
May contain spoilers
Recently Published
1-10 Letter E Words III
by El_Dandy
Language
2m
One Thing in Common: World Cities II
by knightlancer
Geography
7m
Popular People in 1961
by mucciniale
History
6m
More to Explore
Quiz From the Vault
Featured Blog Post
Where Did the Easter Bunny Come From?
hide this ad
You Might Also Like...
Tags
Border Quiz
Country Quiz
Population Quiz
World Quiz
landmass
Pattern
Today's Top Quizzes in Geography
Browse Geography
hide this ad
Today's Top Quizzes in Border
Browse Border
Top Contributed Quizzes in Geography
1
Countries of the World - No Outlines Minefield
2
Blind Ultimate Minefield: Asia
3
Closest Countries to UK A-Z
4
Click a Map: Strafford County, NH
5
Find the US States - No Outlines
6
30 Pics in 60: Landmark Cities
7
Find the Provinces of Canada - No Outlines Minefield
8
One Thing in Common: Asia
9
Blind Secret Country CLXXXVIII
10
Criteria: European Countries
Explore More
Trending Topics
NBA
Harry Potter
Anime
Disney
Marvel
Crossword
Kpop
WWE
Country
The Office
Pokémon
NFL
Song
Soccer
Puzzle
hide this ad
More By:
JamesGR
Quiz
Plays
Rating
Category
Featured
Created
How I Met Your Mother: Geography Edition
4,423
4.53
Television
Aug 10, 2012
Impossible How I Met Your Mother Quiz (Season 1)
1,273
3.29
Television
Jun 21, 2012
Famous guests in FRIENDS
708
4.14
Television
Jan 14, 2014
Friends: Geography Edition
628
4.80
Television
May 6, 2017
Greek Superleague teams
449
5.00
Sports
Nov 28, 2011
Go to Creator's Profile
Score Distribution
Quiz Creator Spotlight
JamesGR
Follow
Send a Message
Quizzes Created
-
Created Quiz Play Count
-
More By This Creator
Popular Quizzes Today
1
Find the US States - No Outlines Minefield
2
Popular People in 1961
3
The Countries of the World
4
1-10 Letter E Words III
5
Find the US States
6
Find the Countries of Europe - No Outlines Minefield
7
US States
8
One Thing in Common: World Cities II
More Geography Quizzes
Find the Mistakes - Flag of Antigua and Barbuda
Quiz Lab
Trending Quizzes
1-10 Letter F Words
1-10 Letter G Words
Risky Map Clicking: States by Unique Starting Letters
1-10 Letter F Words II
Risky Map Clicking: Next State Alphabetically
Recently Updated
Reality TV Shows (A-Z)
bhenderson79
Rickey Henderson's Hall of Fame Teammates
pecheneg
Champions League XIs: Arsenal
pecheneg
Quick Pick: Celebrities in WWE's Hall of Fame
aduchscher
A-Z Keypad Blitz II
pecheneg
Multiple Oscar Actors
pecheneg
Mystery Phrase Blitz: Oscar 'Best Actors'
pecheneg
F. Scott Fitzgerald Novels
LTH
Pick 3 Villains
ddd62291
This, But Not That XII
gazzso
Trending Topics
NBA
Marvel
Kpop
Disney
Anime
Harry Potter
Crossword
NFL
Soccer
The Office
WWE
Puzzle
Song
Pokémon
Country
Your Account Isn't Verified!
In order to create a playlist on Sporcle, you need to verify the email address you used during registration. Go to your
Sporcle Settings
to finish the process.
Report this User
Report this user for behavior that violates our
Community Guidelines
.
Details:
Send Report
Go to the Sporcle.com Mobile Site →
Comments